Name Every Mario RPG - Statistics

General Stats
  • This quiz has been taken 16 times
  • The average score is 15 of 19
Answer Stats
Release Year Console Answer % Correct
2000 Nintendo 64 Paper Mario
100%
2023 Nintendo Switch Super Mario RPG
92%
1996 SNES Super Mario RPG: Legend of the Seven Stars
92%
2009 DS Mario and Luigi: Bowser's Inside Story
83%
2019 3DS Mario and Luigi: Bowser's Inside Story + Bowser Jr.'s Journey
83%
2013 3DS Mario and Luigi: Dream Team
83%
2003 Game Boy Advance Mario and Luigi: Superstar Saga
83%
2017 3DS Mario and Luigi: Superstar Saga + Bowser's Minions
83%
2007 Wii Super Paper Mario
83%
2024 Nintendo Switch Mario and Luigi: Brothership
75%
2015 3DS Mario and Luigi: Paper Jam
75%
2005 DS Mario and Luigi: Partners In Time
75%
2016 Wii U Paper Mario: Color Splash
75%
2012 3DS Paper Mario: Sticker Star
75%
2020 Nintendo Switch Paper Mario: The Origami King
75%
2004 Gamecube Paper Mario: The Thousand-Year Door
75%
2024 Nintendo Switch Paper Mario: The Thousand-Year Door
75%
2017 Nintendo Switch Mario + Rabbids: Kingdom Battle
50%
2022 Nintendo Switch Mario + Rabbids: Sparks of Hope
50%
No matching quizzes found
Score Distribution
Percent of People with Each Score
Percentile by Number Answered
Your Score History
You have not taken this quiz